| 000 | 00475nam a22001457a 4500 | ||
|---|---|---|---|
| 008 | 230602b |||||||| |||| 00| 0 eng d | ||
| 040 |
_aNational Science Library _cNational Science Library |
||
| 080 |
_aR 31(058) _bL7 |
||
| 245 |
_aStatistical yearbook 1976 _c/ Department of Economic and Social Affairs |
||
| 260 |
_aNew York: _bPublishing Service United Nations, _c1977 |
||
| 300 | _axix, 909p. | ||
| 650 | _aStatistics | ||
| 653 | _aPopulation | ||
| 942 |
_2udc _cYBK |
||
| 999 |
_c38611 _d38611 |
||